000 01197nam a2200217Ia 4500
003 Ost
005 20260416102357.0
008 260416s9999||||xx |||||||||||||| ||und||
040 _cfsecg
041 _aara
082 _a336
100 _aأوعيل، نعيمة
_eمؤلف
245 0 _aمحاضرات في المالية العامة :
_bمطبوعة موجهة لطلبة السنة الثانية علوم التسيير /
_c نعيمة أوعيل
260 _aالجزائر
_bجامعة الجزائر3: كلية العلوم الإقتصادية، العلوم التجارية وعلوم التسيير
_c2021
300 _a136 ورقة
_bايضاحات
_c30 سم
504 _aمراجع ص.131
520 _aمالية الدولة ووظائفها ، مدخل الى المالية العامة ، النفقات العامة ، الايرادات العامة ، الموازنة العامة للدولة ، مالية الجماعات المحلية.
653 _aالمالية العامة
710 _aجامعة الجزائر3: كلية العلوم الإقتصادية، العلوم التجارية وعلوم التسيير
_eناشر علمي
942 _cHANDOUT
999 _c41263
_d41263